000 00662nam a22002537a 4500
001 BR6002833
003 BR-BrBNA
005 20230928083138.0
007 ta
008 230509b bl.||||| |||| 00| 0 por d
040 _aBR-BrBNA
_bpor
_cBiblioteca Nacional de Agricultura
041 _a(Por)
072 _aE10
_b2110
090 _ 2110 BR6002833
100 1 _aLavigne, E.
245 1 _aA liberdade economica das cooperativas [Cacau]
260 3 _a[np](Brasil):
_bImprensa Oficial da Bahia,
_c1950.
300 _a141 p.
650 _aMacroeconomia
650 _aCacau
650 _aCooperativa
909 _a202309
_bLucia
_c55
_dLucia Elande
942 _cBK
999 _c11815
_d11815